000 00456nam a2200157Ia 4500
008 220204s9999 xx 000 0 und d
020 _a354043166
082 _a581.1:581.5
_bLAR
100 _aLarcher, Walter
245 0 _aPhysiological plant ecology: Ecophysiology and stress physiology of functional groups
250 _aEd.4
260 _aBerlin
_bSpringer-Verlag
_c2003
650 _aCarbon utilization
650 _aStress physiology
942 _cBK
999 _c42623
_d42623